LEADER 01018nam0-2200313---450- 001 990005663620403321 005 20100603130443.0 035 $a000566362 035 $aFED01000566362 035 $a(Aleph)000566362FED01 035 $a000566362 100 $a19990604d1933----km-y0itay50------ba 101 0 $aita 102 $aIT 105 $ay-------001yy 200 1 $a<>logica dello storicismo$ememoria letta all'accademia di scienze morali e politiche della società reale di Napoli$fda Edmondo Cione 210 $aNapoli$cTip. Sangiovanni$d1933 215 $a48 p.$d24 cm 300 $aEstratto dal vol LV (parte prima) degli Atti della R. Accademia di scienze morali e politiche di Napoli 610 0 $aStoricismo 676 $a140 700 1$aCione,$bEdmondo$f<1908-1965>$024036 801 0$aIT$bUNINA$gRICA$2UNIMARC 901 $aBK 912 $a990005663620403321 952 $aP.1 SF 518$bIST.ST.FIL. 5527$fFLFBC 959 $aFLFBC 996 $aLogica dello storicismo$9600507 997 $aUNINA LEADER 01083nam0-2200301---450- 001 990008802290403321 005 20090210142701.0 035 $a000880229 035 $aFED01000880229 035 $a(Aleph)000880229FED01 035 $a000880229 100 $a20090210d1963----km-y0itay50------ba 101 0 $aeng 102 $aFR 105 $a--------001yy 200 1 $aFree and semi-free model flight-testing techniques used in low-speed studies of dynamic stability and control$fby John P. Campbell 210 $aParis$cAdvisory group for aeronautical research and development$d1963 215 $aVI, 52 p.$cill.$d27 cm 225 1 $aAGARDograph$v76 700 1$aCampbell,$bJohn P.$043288 712 02$aNorth Atlantic Treaty Organization.$bAdvisory Group for Aerospace Research and Development 801 0$aIT$bUNINA$gRICA$2UNIMARC 901 $aBK 912 $a990008802290403321 952 $aQ 28$fDINPA 959 $aDINPA 996 $aFree and semi-free model flight-testing techniques used in low-speed studies of dynamic stability and control$9807688 997 $aUNINA